00491 2200193 4500001002100000005001500021035002000036008004100056082001300097084001900110100002200129245000900151250001400160260004000174300004500214650001500259650001200274990001100286INLIS00000000000230020251029015000 a0010-0621001900251029 g 0 eng  aR.704.94 aR.704.94 CRI f0 aCristopher McHugh1 aFood aCetakan 1 aNew York :bThomson Learning,c1992 a32 halaman :bIlustrasi [Warna] ;c25 cm 4aSeni Lukis 4aSejarah a018235